Theory and problems of tensor calculus (Record no. 5942)

MARC details
000 -LEADER
fixed length control field 00538cam a2200193ua 4500
001 - CONTROL NUMBER
control field 6799
005 - DATE AND TIME OF LATEST TRANSACTION
control field 20260515114115.0
008 - FIXED-LENGTH DATA ELEMENTS--GENERAL INFORMATION
fixed length control field 140311n ii |||gr||||Z||||||eng
020 ## - INTERNATIONAL STANDARD BOOK NUMBER
International Standard Book Number 0-07-060482-7
040 ## - CATALOGING SOURCE
Transcribing agency MAIN
082 ## - DEWEY DECIMAL CLASSIFICATION NUMBER
Classification number 515
245 ## - TITLE STATEMENT
Title Theory and problems of tensor calculus
Statement of responsibility, etc. By David C. Kay
260 ## - PUBLICATION, DISTRIBUTION, ETC.
Place of publication, distribution, etc. New delhi:
Name of publisher, distributor, etc. Tata McGraw-hill publishing company limited,
Date of publication, distribution, etc. 2005.
300 ## - PHYSICAL DESCRIPTION
Extent x,223p.
653 ## - INDEX TERM--UNCONTROLLED
Uncontrolled term Analysis
653 ## - INDEX TERM--UNCONTROLLED
Uncontrolled term Theory and problems of tensor calculus
700 ## - ADDED ENTRY--PERSONAL NAME
Personal name Kay,David C.,
Relator term Author.
942 ## - ADDED ENTRY ELEMENTS (KOHA)
Koha item type Books
Holdings
Withdrawn status Lost status Damaged status Not for loan Home library Current library Shelving location Date acquired Total checkouts Full call number Barcode Date last seen Copy number Price effective from Koha item type
        Naharkatiya College Library Naharkatiya College Library General stacks 09/19/2020   515 | KAY 17000 09/19/2020 1 09/19/2020 Books